000 00690nam a22002177a 4500
003 UA-OsUOA
001 46267
007 ta
008 20070612b un ||||| |||| 00| 0 ukr d
100 _aПостанова Верховної ради України
090 _a32
_bП-14
942 _cSA
040 _aUA-OsUOA
_bukr
_cUA-OsUOA
_dUA-OsUOA
245 _aЗвернення Верховної Ради України до дипломатичних представництв іноземних держав, акредитованих в Україні
300 _aС.2
955 _a0
041 _aukr
080 _a32
773 0 _w46266
650 7 _a32 Політика
_2UDC
999 _c332363
_d332363